| 000 | 00799nam a2200253 i 4500 | ||
|---|---|---|---|
| 001 | bg | ||
| 100 | 1 | _aLEWOWICKI, Stanisław | |
| 245 | 1 | 0 |
_aZarys nauk o ziemi : _bwykłady z geologii inżynierskiej z petrografią / _cStanisław Lewowicki. |
| 260 |
_aCzęstochowa : _bWydaw. PC, _c1999. |
||
| 300 |
_a112, [2] s. : _bil., mapy ; _c24 cm. |
||
| 490 | 1 |
_aSkrypty Politechniki Częstochowskiej, _x1234-9909 ; _v34 |
|
| 504 | _aBibliogr. | ||
| 650 | 9 | _aGeologia inżynierska | |
| 650 | 9 | _aPetrografia | |
| 655 | _aPodręczniki akademickie | ||
| 830 |
_aSkrypty Politechniki Częstochowskiej, _x1234-9909 ; |
||
| 020 | _a8371930909 | ||
| 040 | _cBPK | ||
| 041 | 0 | _apl | |
| 080 | _a624.131:552](075.8) | ||
| 920 | _a83-7193-090-9 | ||
| 942 | _cKS | ||
| 008 | s pl f |000 0 pol | ||
| 999 |
_c38374 _d38374 |
||
| 856 |
_uhttp://koha.tu.koszalin.pl/cgi-bin/koha/opac-detail.pl?biblionumber=38374 _yKatalog online BPK |
||